| 000 | 00000nam 2200000zi 4500 |
| 001 | 9.945439 |
| 003 | CaOODSP |
| 005 | 20241121155700 |
| 006 | m o d f |
| 007 | cr cn||||||||| |
| 008 | 241121e197605 oncbd ob f000 0 fre d |
| 040 | |aCaOODSP|bfre|erda|cCaOODSP |
| 043 | |an-cn--- |
| 086 | 1 |aC23-316/1976F-PDF |
| 245 | 00|aRapport sur l'aménagement des ports et données touchant les compétences canadiennes, le financement et les possibilités d'exportation dans ce domaine. |
| 264 | 1|aOttawa, Canada : |bDirection des industries de transport, Ministère de l'Industrie et du Commerce, |cmai 1976. |
| 300 | |a1 ressource en ligne (377 pages) : |bgraphiques, cartes |
| 336 | |atexte|btxt|2rdacontent/fre |
| 337 | |ainformatique|bc|2rdamedia/fre |
| 338 | |aressource en ligne|bcr|2rdacarrier/fre |
| 500 | |aPublié aussi en anglais sous le titre : Report on port development including Canadian capabilities : financing and export opportunities. |
| 500 | |aÉdition numérisée de l'imprimé [par Innovation, sciences et développement économique Canada]. |
| 504 | |aComprend des références bibliographiques. |
| 650 | 6|aPorts|xConception et construction. |
| 650 | 6|aPorts|xFinances. |
| 650 | 6|aExportations|zCanada. |
| 710 | 1 |aCanada. |bMinistère de l'industrie et du commerce, |eorganisme de publication. |
| 775 | 08|tReport on port development including Canadian capabilities : |w(CaOODSP)9.938652 |
| 856 | 40|qPDF|s5.69 Mo|uhttps://publications.gc.ca/collections/collection_2024/isde-ised/c23/C23-316-1976-fra.pdf |